Modern power system analysis / (Record no. 58571)

MARC details
000 -LEADER
fixed length control field 01196nam a22002777a 4500
005 - DATE AND TIME OF LATEST TRANSACTION
control field 20111121144343.0
010 ## - LCCN (DPL NO)
LC control number ENG-104155 B-464022
020 ## - INTERNATIONAL STANDARD BOOK NUMBER
International Standard Book Number 9780071077750
Terms of availability 425.00
020 ## - INTERNATIONAL STANDARD BOOK NUMBER
International Standard Book Number 0071077758
Terms of availability 425.00
035 ## - SYSTEM CONTROL NUMBER
System control number EN-87688 B-464022
037 ## - SOURCE OF ACQUISITION
Source of stock number/acquisition DBAD / PUB
037 ## - SOURCE OF ACQUISITION
Source of stock number/acquisition Allied Pub/Ven
082 ## - DEWEY DECIMAL CLASSIFICATION NUMBER
Classification number 621.3191
100 ## - MAIN ENTRY--PERSONAL NAME
Personal name Kothari, D.P.
245 ## - TITLE STATEMENT
Title Modern power system analysis /
Statement of responsibility, etc by D.P. Kothari [and] I.J. Nagrath
250 ## - EDITION STATEMENT
Edition statement 4th ed
260 ## - PUBLICATION, DISTRIBUTION, ETC. (IMPRINT)
Place of publication, distribution, etc New Delhi
Name of publisher, distributor, etc Tata McGraw-Hill
Date of publication, distribution, etc 2011
270 ## - ADDRESS
Address 7 West Patel Nagar
City New Delhi
Postal code 110008
300 ## - PHYSICAL DESCRIPTION
Extent xx,760p.
Dimensions 24cm (pbk)
500 ## - GENERAL NOTE
General note Includes bibliographical references
700 ## - ADDED ENTRY--PERSONAL NAME
Personal name Nagrath, I.J.
9 (RLIN) 35964
942 ## - ADDED ENTRY ELEMENTS (KOHA)
Source of classification or shelving scheme Dewey Decimal Classification
Item type English Books
Call number suffix KOT
Classification part 621.3191
Holdings
Withdrawn status Lost status Not for loan Collection code Home library Current library Date acquired Source of acquisition Cost, normal purchase price Full call number Barcode Copy number Cost, replacement price Koha item type
      Non-fiction Central Library Central Library 22/05/2012 Allied Pub/1984/13.02.2012/27/18.01.2012/21.02.2012 425.00 621.3191 KOT B-464022 1 425.00 English Books
    Not For Loan Non-fiction D.B.Act.Division D.B.Act.Division 21/11/2011 DBAD/PUB 425.00 621.3191 KOT EN-87688 1 425.00 English Books

© Delhi Public Library
Hit Counter
free hit counter